00573nam a2200157Ia 4500003000900000008004100009040001600050080002100066100002100087245022000108250001200328260003000340300001000370650001400380650002100394IN-BaIIA211028s9999 xx 000 0 eng d cIIA Library a954(058)bHOR-II aHorsburgh, James 4aThe India directory, or directions for sailing to and from the East Indies, China, Australia, and the Interjacent Ports of Africa and South Americabvol. IIcJames Horsburgh  a5th ed. aLondonbW. H. Allenc1843 a815p. aDirectory aIndian directory